| 000 | 00578nam a2200193 i 4500 | ||
|---|---|---|---|
| 001 | 66205 | ||
| 003 | ES-MaACL | ||
| 005 | 20250805094920.0 | ||
| 007 | t| | ||
| 008 | 040129s1973 sp ||||1| spa d | ||
| 100 | 1 |
_aGalán, Diego, _d1946- _953284 |
|
| 245 | 1 | 0 |
_a18 españoles de posguerra / _cDiego Galán y Fernando Lara. |
| 260 |
_aBarcelona : _bPlaneta, _c[1973] |
||
| 300 |
_a263 p., 18 lám. ; _c20 cm. |
||
| 700 | 1 |
_aLara, Fernando _970203 |
|
| 740 | 0 | _aDieciocho españoles de posguerra. | |
| 852 |
_aES-MaACL _jC-54072 _bR.86784 |
||
| 999 |
_c66205 _d66205 |
||